| 000 | 00746nam a2200229 a 4500 | ||
|---|---|---|---|
| 001 | 000025134 | ||
| 005 | 20200930023600.0 | ||
| 008 | 110210s2004 mx ac r 000 0 spa d | ||
| 020 | _a9701865529 | ||
| 040 |
_aDO-SdBNP _bspa _cBNPHU |
||
| 082 |
_axxxxx _bD598s |
||
| 110 | 2 |
_aDirección General de Bibliotecas. _951529 |
|
| 245 | 1 | 3 | _aEl servicio de préstamo a domicilio. |
| 250 | _a3a reimp. de la 2a ed. | ||
| 260 |
_aMéxico, D. F. : _bConsejo Nacional para la Cultura y las Artes (CONACULTA), _c2004. |
||
| 300 |
_a59 p. : _bil., retrs. ; _c20.5 cm. |
||
| 490 | 1 | _aApoyo a la capacitación bibliotecaria | |
| 490 | 1 | _aManuales | |
| 830 | 0 |
_aApoyo a la capacitación bibliotecaria _951530 |
|
| 830 | 0 |
_aManuales _935652 |
|
| 049 | _aBNGR | ||
| 999 |
_c24627 _d24627 |
||